000 00601nam a2200205 a 4500
001 000013234
005 20200929163154.0
008 091120s1997 xxu 001 f spa d
020 _a1884912079
040 _aDO-SdBNP
_bspa
_cBNPHU
082 _aCh863.44
_bG633c
100 1 _aGómez Quiróz, Juan,
_d1936-
_930385
245 1 0 _aCrónicas de literatura hablada /
_cJuan Gómez Quiróz.
260 _aBronk, New York :
_bThe Latino Press,
_c1997.
300 _a203 p. ;
_c22 cm.
650 4 _aNovela chilena
_93163
650 4 _aLiteratura chilena
_ySIGLO XX
_914677
910 _aWM
049 _aBNGR
999 _c12866
_d12866